| 000 | 01143cam a2200301 i 4500 | ||
|---|---|---|---|
| 001 | 59068 | ||
| 003 | Mx-PuUPA | ||
| 005 | 20251003091136.0 | ||
| 008 | 140415s2016 mx gr 000 0 spa d | ||
| 020 | _a9786070507236 | ||
| 040 |
_aMX-PuUPA _bspa _erda _cMx-PuUPA _dMx-PuUPA |
||
| 041 | 0 | _aspa | |
| 100 | 1 |
_aPardo García, Martha, _eautor _96090 |
|
| 245 | 1 | 0 |
_aRetos de la segunda mitad de tu vida : _bdesarrolla tu máximo potencial en la edad adulta / _cMartha Pardo García ; prólogo de Josefina Vázquez Mota |
| 264 | 1 |
_aMéxico, CDMX : _bEditorial Limusa, _c©2016 |
|
| 300 |
_a318 páginas ; _c23 cm |
||
| 336 |
_atexto _2rdacontent _btxt |
||
| 337 |
_asin medio _2rdamedia _bn |
||
| 338 |
_avolumen _2rdacarrier _bnc |
||
| 490 | 0 | _aLlave maestra | |
| 650 | 7 |
_2armarc _aEdad madura _xAspectos psicológicos |
|
| 700 | 1 |
_aVázquez Mota, Josefina, _eprologuista |
|
| 942 |
_2ddc _cLI _h155.66 _iP22 |
||
| 999 |
_c59068 _d59068 |
||